| 000 | 00450nam a22001457a 4500 | ||
|---|---|---|---|
| 999 |
_c7922 _d7923 |
||
| 008 | 190425b ||||| |||| 00| 0 eng d | ||
| 082 | _a301 B36b 1960 | ||
| 100 | _aBeattie, John | ||
| 245 |
_aBunyoro ; _b an African kingdom. |
||
| 260 |
_aNew York, _bHolt, Rinehart and Winston. _c1960. |
||
| 300 |
_a ix, 86 p. _billus., port., map. _c24 cm. |
||
| 500 | _a Bibliography: p. 84-86. | ||
| 650 | _a Ethnology--Uganda. Bunyoro (Uganda) | ||
| 942 | _2ddc | ||